01479nam a2200373 a 4500001001000000003000500010005001700015008004100032010001100073011001100084040000900095090001000104100003800114245016600152260004100318500006000359502009100419590004100510590003700551590004000588590004000628590004000668650003200708650004300740650003200783650003100815856001600846856007000862901000700932942001000939942000600949999001900955952013100974000115038CHAP20220329144511.0180907s2018 mx a |sm |||||||spa d a111499 a112471 cCHAP aTesis1 aBernabé Bahena, Manuel.913544310aEvaluación de los ciclos de selección de la población tropical resistente a sequia y otras variedades de maízh[En línea]cpor Manuel Bernabé Bahena. aChapingo, Méx. :bEl autor,c2018. aPara ver el contenido del material haga clic en la liga aTesis (Ing. Agr. Fitotecnista) -- Colegio Superior Agropecuario del Estado de Guerrero aBATCH-UPDb05c20180907lUCH01h1333 aBATCHb00c20181121lUCH01h0759 aE6339RRRb05c20180907lUCH01h1332 aE6339RRRb05c20180907lUCH01h1338 aE6339RRRb05c20180907lUCH01h133914aMaízxRendimiento.97105114aMaízxResistencia a sequía.97105314aMaízxSelección.97105714aMaízxVariedades.971081 a1 n0000945 aFinding aiduhttp://10.13.5.2/tesis/sist115038.pdfzTeclea aquí aBK cTESIS n0 c111499d111499 00104054718TESISaBCbBCd2018-09-07fTESISl0oTesisp115047-10r2019-12-31 00:00:00w2019-12-31yTESISzRecien adquirido